000 00480nam a22001697a 4500
003 CEME
005 20210628205123.0
008 210226b xxu||||| |||| 00| 0 eng d
020 _a0-89116-700-5
040 _c.
082 _a620. GON'I
100 _aFrolov, K. V Rivin, E. I Goncharevich, I. F
_974030
245 _aTheory and vibratory technology revised and augmented edition
260 _aNEWYORK
_bHEMISPHERE PUBLISHING
_c1990
300 _aVIII, 540P
942 _cBK
_2ddc
999 _c579611
_d579611